000 01377nam a22003017a 4500
999 _c120457
_d120457
003 dpl
005 20181208155558.0
008 181208b ||||| |||| 00| 0 eng d
010 _aB-151052
020 _c300.00
_a8188162116
035 _aB-151052
035 _aB-151067
037 _bCen Lib/Ret
040 _aDPL
_bHN
_cdpl
082 _a629.450092
_bभाटिया
100 _aभाटिया, सुदर्शन
_990520
245 _aभारत की गरिमा-अमरीका की शान :
_bसुदर्शन भाटिया
_cडॉ कल्पना चावला /
246 _aBharat kee garima America kee shaan : Dr. Kalpana Chawla /
_bby Sudarshan Bhatiya
260 _aदिल्ली
_bहर्षिता प्रकाशन
_c2006
270 _aई-11/5, कृष्णा नगर
_bदिल्ली
_e110051
300 _a288पृ.
_c21सेमी(सजिल्द)
500 _aअनुक्रमणिका शामिल
650 _aअन्तरिक्ष यात्री--कल्पना चावला
_983208
650 _aकल्पना चावला--जीवनी
_990521
650 _aAstronaut--Kalpana Chawla
_990522
650 _aKalpana Chawla--Biography
_990523
942 _2ddc
_cHN
_h629.450092
_mभाटिया